| 000 | 00591nam a22002177a 4500 | ||
|---|---|---|---|
| 003 | OSt | ||
| 005 | 20210201085503.0 | ||
| 008 | 210201s1992 ||||| |||| 00| 0 eng d | ||
| 020 | _a0882402161 | ||
| 040 |
_aeng _beng _cDLC |
||
| 041 | _aeng | ||
| 080 |
_a659.3 _bM-69 |
||
| 245 |
_aThe Milepost _c/ by: Alaska Highway Rendezvous '92 Society |
||
| 250 | _a44th edition | ||
| 260 |
_aAlaska _b Alaska Highway Rendezvous '92 Society _c1992 |
||
| 300 |
_a640 p. _bill. |
||
| 365 | _b16.95 usd | ||
| 650 | 0 |
_9746 _aInformation |
|
| 653 | _aინფორმაცია | ||
| 942 |
_2udc _cBK _e44 |
||
| 999 |
_c1090 _d1090 |
||